000 00711nam a2200253Ia 4500
003 OSt
005 20220927114719.0
006 a|||||r|||| 00| 0
007 ta
008 220926b |||||||| |||| 00| 0 eng d
024 _a61016
037 _cThesis and Dissertations
040 _aRTL
_cRTL
_beng
041 _2eng
_aeng
082 _a"X64.2.N7, L6"
100 _aBhatia B
_9389195
245 0 _aNew issue market of India
260 _aBombay
_bVora India
_c1976
300 _a"vi,125p"
_ccm.
490 _a"University Of Poona, India"
650 _aMoney Markets
_9351417
942 _h"X64.2.N7, L6"
_cCC
999 _c705031
_d705031